000 00903nam a2200265 c 4500
003 BLK
005 20240402121320.0
008 180408b bul|||||r ||||||| ||bul||
010 _aKNG00046855000
020 _a5-267-00206-2
_bиздат.: Азбука
040 _aBLK
041 _aRUS
_cRUS
080 _aНемска литература
_b821.112.2
_x-31
_z821.112.2-31
100 1 _aЗюскинд, Патрик
_eпърви автор
_970367
139 _aЗЮСКИНД, Патрик
_b
245 1 0 _aПовесть о господине Зоммере
_cПатрик Зюскинд.
260 С.-Петербург
_bАзбука
_c2000
300 _a150 с.
_bс ил.
_c19 см
852 _aЦб 209292
856 4 _qpdf
_u
856 4 _qpdf
_u
942 _cKNG
_n0
_02
944 _aCR
_c01.01.2000
_k30530
_lМинев Младен
944 _aED
_c09.02.2018
_kРенета_Константинова
999 _c43164
_d43164